| 000 | 00983nam a22002897a 4500 | ||
|---|---|---|---|
| 001 | 5127 | ||
| 003 | FISKH | ||
| 005 | 20241107100252.0 | ||
| 008 | 241107b cb ||||| |||| 00| 0 eng d | ||
| 020 | _a9780545348416 | ||
| 040 |
_aFISKH _beng _cFISKH _dFISKH |
||
| 050 | _aPZ7.R9514 | ||
| 082 | _a535 | ||
| 100 |
_aRyan, Emma _d(1989-) |
||
| 245 |
_aDolphin tale : a tale of true friendship / _cAdapted by Emma Ryan Based upon the screenplay written by Karen Janszen and Noam Dromi |
||
| 250 | _aFirst printing in 2011 | ||
| 260 |
_aNew York : _bScholastic, _c2011. |
||
| 300 |
_a32 pages : _bColor illustrations ; _c23 cm |
||
| 505 | _aP | ||
| 520 | _aSawyer, having found an injured dolphin on the beach, forms a unique bond with the creature while trying to help it heal and return to the ocean. | ||
| 521 | 8 |
_a650L
_bLexile |
|
| 521 | 8 |
_aP
_bRaz-Plus |
|
| 650 |
_2Animals _aFriendship |
||
| 650 |
_2Dolphins _aNon-fiction |
||
| 942 |
_2ddc _cBK _n0 |
||
| 999 |
_c5127 _d5127 |
||